Functional differential equations: advances and applications (Record no. 3026)
[ view plain ]
| 000 -LEADER | |
|---|---|
| fixed length control field | 01214nam a2200349Ia 4500 |
| 003 - CONTROL NUMBER IDENTIFIER | |
| control field | OSt |
| 005 - DATE AND TIME OF LATEST TRANSACTION | |
| control field | 20220912144106.0 |
| 008 - FIXED-LENGTH DATA ELEMENTS--GENERAL INFORMATION | |
| fixed length control field | 220909b |||||||| |||| 00| 0 eng d |
| 020 ## - INTERNATIONAL STANDARD BOOK NUMBER | |
| International Standard Book Number | 9781119189473 (hbk) |
| 037 ## - SOURCE OF ACQUISITION | |
| Terms of availability | Textual |
| 040 ## - CATALOGING SOURCE | |
| Language of cataloging | eng |
| 041 ## - LANGUAGE CODE | |
| Language code of text/sound track or separate title | eng |
| 100 ## - MAIN ENTRY--PERSONAL NAME | |
| Personal name | Corduneaun Constantin |
| 245 #0 - TITLE STATEMENT | |
| Title | Functional differential equations: advances and applications |
| 260 ## - PUBLICATION, DISTRIBUTION, ETC. | |
| Place of publication, distribution, etc. | New Jersey |
| Name of publisher, distributor, etc. | John Wiley |
| Date of publication, distribution, etc. | 2016 |
| 300 ## - PHYSICAL DESCRIPTION | |
| Extent | xv,343p. ill. |
| Dimensions | cm |
| 490 ## - SERIES STATEMENT | |
| Series statement | Pure and applied mathematics: a wiley series of texts, monographs and tracts. |
| 500 ## - GENERAL NOTE | |
| General note | Appendix 281-305p.; Biibliography 307-339p.; Index 341-343p. |
| 650 ## - SUBJECT ADDED ENTRY--TOPICAL TERM | |
| Topical term or geographic name entry element | Existence theroy for functional equations |
| 650 ## - SUBJECT ADDED ENTRY--TOPICAL TERM | |
| Topical term or geographic name entry element | Neutral functional differential equations |
| 650 ## - SUBJECT ADDED ENTRY--TOPICAL TERM | |
| Topical term or geographic name entry element | Stability theory of functinal differential equations |
| 650 ## - SUBJECT ADDED ENTRY--TOPICAL TERM | |
| Topical term or geographic name entry element | Mathematics |
| 700 ## - ADDED ENTRY--PERSONAL NAME | |
| Personal name | Li Yizeng |
| 700 ## - ADDED ENTRY--PERSONAL NAME | |
| Personal name | Mahdavi Mehran |
| 942 ## - ADDED ENTRY ELEMENTS (KOHA) | |
| Classification part | B33, Q6 |
| Koha item type | Textual |
| Source of classification or shelving scheme | Colon Classification (CC) |
| Withdrawn status | Lost status | Damaged status | Not for loan | Home library | Current library | Date acquired | Source of acquisition | Total Checkouts | Full call number | Barcode | Date last seen | Price effective from | Koha item type |
|---|---|---|---|---|---|---|---|---|---|---|---|---|---|
| Central Science Library | Central Science Library | 2022-09-12 | 3951, 08/03/2017, New India Book Agency | B33 Q6 | SL1601059 | 2022-09-12 | 2022-09-12 | Textual |
